000 00990cam a2200301 i 4500
001 9963
003 Mx-PuUPA
005 20250514141411.0
008 140415s2012 xxu gr 000 0 eng d
020 _a9780982356166
040 _cMx
_aMx-PuUPA
_bspa
_dMx-PuUPA
_erda
041 0 _aeng
245 1 4 _aThe teachers will save U.S. /
_cJosé Rodelgo-Bueno
250 _aEdition ©2012
264 1 _aU.S.A. :
_bHuman Adventure Books,
_c©2012
300 _a233 páginas ;
_c22 cm
336 _2rdacontent
_atexto
_btxt
337 _2rdamedia
_asin medio
_bn
338 _2rdacarrier
_avolumen
_bnc
650 7 _2armarc
_aMaestros
_xÉtica profesional
650 7 _2armarc
_aPedagogía
650 7 _2armarc
_aEducación de niños
_zEstados Unidos
650 7 _2armarc
_aMaestros
_xEficacia docente
_zEstados Unidos
942 _2ddc
_cLI
_h371.102
_iR68
999 _c9963
_d9963